000 00815nam a2200265Ia 4500
003 OSt
005 20220926004248.0
006 a|||||r|||| 00| 0
007 ta
008 220923b |||||||| |||| 00| 0 eng d
020 _a9788178806662
_c760.75
037 _bIN2164, 26/02/2015, R K Books
_cGeneral Book
040 _aRTL
_cRTL
_beng
041 _2eng
_aeng
082 _aU2894, Q5
100 _aSHARMA Anshuman
_9308678
245 0 _aTextbook of disaster management
260 _a New Delhi
_bRajat Publication
_c2015
300 _aix,266p.
_ccm.
490 _aStudies in Public and Applied Anthropology
500 _aBibliography: P 247-262
650 _aGeography
942 _hU2894, Q5
_cGB
_2CC
999 _c610438
_d610438